| 000 | 00723cam a2200241 4500 | ||
|---|---|---|---|
| 008 | 090401t1997 xxu||||| |||| 00| 0 eng d | ||
| 020 | _a1860811485 | ||
| 035 | _a(Sirsi) u81007 | ||
| 041 | _aeng | ||
| 050 | _a690 | ||
| 110 | _aBuilding Research Establishment | ||
| 245 | _aRepairing timber windows : investigating defects and dealing with water leakage. | ||
| 260 |
_aLondon _bConstruction Research Communications Ltd _c1997 |
||
| 300 | _a4p. : ill. ;30cm. | ||
| 350 | _a0 | ||
| 490 |
_aBRE Good Repair Guide _v10 Part 1 |
||
| 650 | _aWATER PENETRATION | ||
| 650 | _aWINDOWS | ||
| 650 | _aWOODEN WINDOWS | ||
| 690 | _aBUILDING AND CONSTRUCTION-REPAIRS AND MAINTENANCE | ||
| 942 | _n0 | ||
| 948 | _c22/09/1997 | ||
| 999 |
_c96665 _d96665 |
||